000 00528nam a22001695i 4500
001 54226
003 ES-MaACL
005 20230906162923.0
007 t|
008 960716s1891 xxu ||||1| eng d
040 _aCAM
_bspa
_cCAM
100 1 _aFiske, John.
_951049
245 1 4 _aThe discoverty of America
_b: with some account of Ancient America and the Spanish Conquest /
_cby John Fiske.
260 _aBoston ;
_aNew York :
_bHoughton Mifflin Company,
_c[1892]
300 _a2 v. ;
_c20 cm.
852 _aES-MaACL
_jC-1361-2
999 _c54226
_d54226